| 000 | 01901nam a2200445 a 4500 | ||
|---|---|---|---|
| 001 | ebr10527822 | ||
| 003 | CaPaEBR | ||
| 006 | m u | ||
| 007 | cr cn||||||||| | ||
| 008 | 931221s1994 aluab sb 001 0 eng d | ||
| 010 | _z 93048178 | ||
| 020 | _z0817307087 (alk. paper) | ||
| 020 | _z9780817356682 | ||
| 020 | _z9780817385613 (e-book) | ||
| 040 |
_aCaPaEBR _cCaPaEBR |
||
| 035 | _a(OCoLC)654808738 | ||
| 043 | _an-us-al | ||
| 050 | 1 | 4 |
_aHD9519.S68 _bL49 1994eb |
| 082 | 0 | 4 |
_a338.7/6722/09761781 _220 |
| 100 | 1 |
_aLewis, W. David _q(Walter David), _d1931- |
|
| 245 | 1 | 0 |
_aSloss Furnaces and the rise of the Birmingham district _h[electronic resource] : _ban industrial epic / _cW. David Lewis. |
| 260 |
_aTuscaloosa : _bUniversity of Alabama Press, _cc1994. |
||
| 300 |
_axxiv, 645 p. : _bill., maps. |
||
| 490 | 1 | _aHistory of American science and technology series | |
| 504 | _aIncludes bibliographical references and index. | ||
| 533 |
_aElectronic reproduction. _bPalo Alto, Calif. : _cebrary, _d2013. _nAvailable via World Wide Web. _nAccess may be limited to ebrary affiliated libraries. |
||
| 610 | 2 | 0 |
_aSloss Furnace Company _xHistory. |
| 610 | 2 | 0 |
_aSloss Furnaces National Historic Landmark _xHistory. |
| 650 | 0 |
_aIron industry and trade _zAlabama _zBirmingham _xHistory. |
|
| 650 | 0 |
_aIron foundries _zAlabama _zBirmingham _xHistory. |
|
| 650 | 0 |
_aIron founding _zAlabama _zBirmingham _xHistory. |
|
| 650 | 0 |
_aIron _xMetallurgy. |
|
| 650 | 0 |
_aIndustries _zAlabama _zBirmingham _xHistory. |
|
| 651 | 0 |
_aBirmingham (Ala.) _xEconomic conditions. |
|
| 651 | 0 |
_aBirmingham (Ala.) _xSocial conditions. |
|
| 655 | 7 |
_aElectronic books. _2local |
|
| 710 | 2 | _aebrary, Inc. | |
| 830 | 0 | _aHistory of American science and technology series. | |
| 856 | 4 | 0 |
_uhttp://site.ebrary.com/lib/rucke/Doc?id=10527822 _zAn electronic book accessible through the World Wide Web; click to view |
| 999 |
_c233150 _d233150 |
||